000 00450cam a22001457a 4500
008 180718b1999 xxu||||| |||| 00| 0 eng d
082 _aAPPPA 98-99 KEE/14
100 _aMeena, J.L.
245 _aReforms of coal sector in India
_cby J.L. Meena
260 _aNew Delhi
_bIndian Institute of Public Administration
_c1999
300 _a69p.
650 _aAPPPA
650 _aPrivatization
650 _aCoal mines and mining - Labor productivity - India
999 _c486906
_d486906